000 01124nam2a22002771 4500
001 v19\rc\1961092
005 20251118181010.8
035 _a(NLR Aleph) 005044881
090 _a6832643
_c6832644
100 _a20080428d1913 u y0rusy50 ca
101 0 _arus
102 _aRU
105 _aab z |||||
200 1 _aДоклады, напечатанные до открытия съезда
210 _d1913
215 _aVII, 117, 14 с., 6 л. диагр., карт.
461 0 _1001v19\rc\1961089
_12001#$aТруды Съезда хлопководов в гор. Тифлисе 1-6 ноября 1912 г.$eТ. 1$fГУЗ и З$vТ. 2. Ч. 1
_96832613
_aСъезд хлопководов (1912 ; Тифлис)
_cТифлис
_d1913-1914
_fГУЗ и З
_oТ. 1
_tТруды Съезда хлопководов в гор. Тифлисе 1-6 ноября 1912 г.
_vТ. 2. Ч. 1
801 0 _aRU
_bNLR
_gpsbo
801 0 _aRU
_bRuMoRGB
_2psbo
801 1 _aRU
_bProSoft-M
_2rusmarc
852 _aNLR
_j37.44.1.86
899 _aНБ СПбГУ
899 _aНБ МГУ
899 _aRuMoRGB
_jV 43/88
942 _cBOOK
980 _aNB